000 00634nam a2200193 i 4500
001 88401
003 ES-MaACL
005 20230906175843.0
007 t|
008 050104s1976 bl |||| | por d
100 1 _aLandeira Yrago, José.
_969941
245 1 0 _aFederico García Lorca de A a Z /
_cJosé Landeira Yrago ; traduçao de Stella Leonardos.
260 _aRio de Janeiro :
_bNova Aguilar,
_c1976.
300 _a264 p. ;
_c21 cm.
600 1 4 _aGarcía Lorca, Federico,
_d1898-1936-
_xCrítica e interpretación
_954857
700 1 _aLeonardos, Stella.
_971676
852 _aES-MaACL
_jA-10803
999 _c88401
_d88401